La poesía burlesca de Quevedo y sus modelos italianos / (Record no. 83814)

MARC details
000 -LEADER
campo de control de longitud fija 01589cam a2200433 a 4500
001 - NÚMERO DE CONTROL
campo de control 51607
005 - FECHA Y HORA DE LA ÚLTIMA TRANSACCIÓN
campo de control 20230410132550.0
008 - DATOS DE LONGITUD FIJA--INFORMACIÓN GENERAL
campo de control de longitud fija 031106s2003 sp b 001 0 spa
010 ## - NÚMERO DE CONTROL DE LA BIBLIOTECA DEL CONGRESO
Número de control de LC 2004394158
035 ## - NÚMERO DE CONTROL DEL SISTEMA
Número de control de sistema (OCoLC)ocm53377768
040 ## - FUENTE DE CATALOGACIÓN
Centro catalogador/agencia de origen DLC
Centro/agencia transcriptor DLC
Centro/agencia modificador PL#
-- I5B
-- FUG
-- OCL
-- BAKER
-- NLGGC
-- BTCTA
-- YDXCP
019 ## -
-- 149304690
020 ## - NÚMERO INTERNACIONAL ESTÁNDAR DEL LIBRO
Número Internacional Estándar del Libro 8497502523
020 ## - NÚMERO INTERNACIONAL ESTÁNDAR DEL LIBRO
Número Internacional Estándar del Libro 9788497502528
029 1# - OTRO NÚMERO DE CONTROL DE SISTEMA (OCLC)
Identificador de la biblioteca OCLC I5B
Número de control de sistema 184708
029 1# - OTRO NÚMERO DE CONTROL DE SISTEMA (OCLC)
Identificador de la biblioteca OCLC NLGGC
Número de control de sistema 256213267
035 ## - NÚMERO DE CONTROL DEL SISTEMA
Número de control de sistema (OCoLC)53377768
Número de control cancelado/no válido (OCoLC)149304690
043 ## - CÓDIGO DE ÁREA GEOGRÁFICA
Código de área geográfica e-sp---
-- e-it---
050 14 - SIGNATURA TOPOGRÁFICA DE LA BIBLIOTECA DEL CONGRESO
Número de clasificación PQ6424.Z5
Número de ítem C33 2003
084 ## - OTRO NÚMERO DE CLASIFICACIÓN
Número de clasificación 18.32
Fuente del número bcl
049 ## - FONDOS LOCALES (OCLC)
Biblioteca depositaria GRAL
100 1# - ENTRADA PRINCIPAL--NOMBRE DE PERSONA
Nombre de persona Cacho Casal, Rodrigo.
245 13 - MENCIÓN DEL TÍTULO
Título La poesía burlesca de Quevedo y sus modelos italianos /
Mención de responsabilidad, etc. Rodrigo Cacho Casal.
260 ## - PUBLICACIÓN, DISTRIBUCIÓN, ETC.
Lugar de publicación, distribución, etc. Santiago de Compostela [Spain] :
Nombre del editor, distribuidor, etc. Universidade de Santiago de Compostela,
Fecha de publicación, distribución, etc. 2003.
300 ## - DESCRIPCIÓN FÍSICA
Extensión 409 p. ;
Dimensiones 21 cm.
504 ## - NOTA DE BIBLIOGRAFÍA, ETC.
Nota de bibliografía, etc. Includes bibliographical references (p. [363]-397) and indexes.
600 10 - PUNTO DE ACCESO ADICIONAL DE MATERIA--NOMBRE DE PERSONA
Nombre de persona Quevedo, Francisco de,
Fechas asociadas al nombre 1580-1645
Subdivisión general Poetic works.
600 10 - PUNTO DE ACCESO ADICIONAL DE MATERIA--NOMBRE DE PERSONA
Nombre de persona Quevedo, Francisco de,
Fechas asociadas al nombre 1580-1645
Subdivisión de forma Humor.
650 #0 - PUNTO DE ACCESO ADICIONAL DE MATERIA--TÉRMINO DE MATERIA
Término de materia o nombre geográfico como elemento de entrada Spanish literature
Subdivisión general Italian influences.
653 ## - TÉRMINO DE INDIZACIÓN--NO CONTROLADO
Término no controlado Quevedo, Francisco de (1580-1645)
-- Poesía
-- Crítica.
650 17 - PUNTO DE ACCESO ADICIONAL DE MATERIA--TÉRMINO DE MATERIA
Término de materia o nombre geográfico como elemento de entrada Gedichten.
Fuente del encabezamiento o término gtt
938 ## -
-- Puvill Libros
-- PUVL
-- 8497502523
-- $27.89
938 ## -
-- Iberbook International S.L.
-- IBER
-- 184708
-- EUR21.03
938 ## -
-- Baker & Taylor
-- BKTY
-- 68.95
-- 68.95
-- 8497502523
-- 0006254114
-- active
938 ## -
-- Baker and Taylor
-- BTCP
-- BK0006254114
938 ## -
-- YBP Library Services
-- YANK
-- 2677236
942 ## - ELEMENTOS DE ENTRADA SECUNDARIOS (KOHA)
Fuente del sistema de clasificación o colocación Clasificación de Library of Congress
Tipo de ítem Koha
994 ## -
-- C0
-- DRFGD
Holdings
Estatus retirado Estado de pérdida Fuente del sistema de clasificación o colocación Estado de daño No para préstamo Colección Biblioteca de origen Biblioteca actual Ubicación en estantería Fecha de adquisición Serial enumeration / chronology Signatura topográfica completa Código de barras Visto por última vez Copia número Tipo de ítem Koha
    Clasificación de Library of Congress     Humanidades Biblioteca Juan Bosch Biblioteca Juan Bosch Humanidades (4to. Piso) 10/04/2023 3 PQ6424.Z5 C33 2003 00000053562 25/10/2018 1